[Event "11e tournoi d'automne - tournoi C"]
[Site "Montigny le Bretonneux"]
[Date "2012.10.31"]
[Round "2.1"]
[White "Urtado, Olivier"]
[Black "Krestinine, Nikita"]
[Result "0-1"]
[WhiteElo "1626"]
[BlackElo "1403"]
[PlyCount "156"]
[EventDate "2012.10.??"]
[EventType "tourn"]
[EventRounds "9"]
[EventCountry "FRA"]
[SourceDate "2005.09.12"]

{Défense française, variante Steinitz} 1. e4 e6 2. Nc3 d5 3. d4 Nf6 4. e5 Nfd7
5. Nf3 c5 6. Bd3 Nc6 7. O-O cxd4 8. Ne2 Ndxe5 9. Nxe5 Nxe5 10. Bb5+ Bd7 11.
Nxd4 Bxb5 12. Nxb5 Qb6 13. a4 Nc4 14. b3 Nd6 15. Be3 Qd8 16. Nxa7 Nf5 17. Nb5
Nxe3 18. fxe3 Bc5 19. Qf3 O-O 20. Rad1 Qb6 21. Nd4 Rac8 22. Rd2 Rc7 23. Kh1
Rfc8 24. Nb5 Re7 25. Re2 Rd8 26. Rb1 Red7 27. b4 Bd6 28. Nd4 Ra8 29. c3 Rxa4
30. e4 Be5 31. exd5 Bxd4 32. dxe6 fxe6 33. cxd4 Qxd4 34. Rf2 Ra8 35. Rbf1 Qd6
36. b5 Rad8 37. h3 h6 38. g4 Qd5 39. Qxd5 Rxd5 40. Rb2 Rd1 41. Rxd1 Rxd1+ 42.
Kg2 e5 43. Rc2 Rd5 44. b6 Rd6 45. Rb2 Kf7 46. Rb3 Kg6 47. Kf3 Rc6 48. Ke4 Kf6
49. Rb5 Rd6 50. Rb4 g5 51. Rb5 Re6 52. Rb4 Rc6 53. Rb3 Ke6 54. Ke3 Kd5 55. Rb5+
Rc5 56. Rb3 e4 57. Ke2 Kd4 58. Rb1 Rc2+ 59. Kf1 Kd3 60. Rb3+ Rc3 61. Rb5 e3 62.
Rd5+ Ke4 63. Rd7 Kf3 64. Rf7+ Kg3 65. Ke2 Kxh3 66. Rxb7 Rb3 67. Kf3 e2+ 68.
Kxe2 Kxg4 69. Kd2 h5 70. Kc2 Rb5 71. Kc3 h4 72. Kc4 Rb1 73. Kc5 h3 74. Re7 h2
75. Re4+ Kh5 76. Re8 h1=Q 77. Rh8+ Kg4 78. Rxh1 Rxh1 0-1

[Event "11e tournoi d'automne - tournoi A"]
[Site "Montigny le Bretonneux"]
[Date "2012.10.31"]
[Round "5.1"]
[White "Plantet, Marc"]
[Black "Trommsdorf, Fro"]
[Result "0-1"]
[WhiteElo "1869"]
[BlackElo "2040"]
[PlyCount "78"]
[EventDate "2012.10.??"]
[EventType "tourn"]
[EventRounds "9"]
[EventCountry "FRA"]
[SourceDate "2005.09.12"]

{Défense sicilienne, variante Taïmanov} 1. e4 c5 2. Nf3 e6 3. d4 cxd4 4. Nxd4
Nc6 5. Be3 Nf6 6. Bd3 d5 7. Nxc6 bxc6 8. exd5 cxd5 9. O-O Qc7 10. Nd2 Bd6 11.
h3 O-O 12. Bg5 Be7 13. Rc1 Qe5 14. Bxf6 Qxf6 15. c3 Rb8 16. Rb1 Rd8 17. Re1 Bc5
18. Nf3 Bd7 19. Qc2 h6 20. Qe2 a5 21. Ne5 Be8 22. Bc2 Bb5 23. Qd2 h5 24. a4 Be8
25. b4 Bb6 26. b5 Rbc8 27. Rb3 Rc4 28. Qe2 Rxa4 29. c4 Rb4 30. Rf3 Qh6 31. Bb3
dxc4 32. Bxc4 Qd2 33. Qe4 Rd4 34. Qe2 Qxe2 35. Bxe2 Re4 36. Nc6 Rxb5 37. Bxb5
Rxe1+ 38. Kh2 Kf8 39. Kg3 Rc1 0-1

[Event "11e tournoi d'automne - tournoi A"]
[Site "Montigny le Bretonneux"]
[Date "2012.10.31"]
[Round "5.2"]
[White "Gouanelle, Franck"]
[Black "Girard, Eric"]
[Result "1/2-1/2"]
[WhiteElo "2100"]
[BlackElo "2122"]
[PlyCount "29"]
[EventDate "2012.10.??"]
[EventType "tourn"]
[EventRounds "9"]
[EventCountry "FRA"]
[SourceDate "2005.09.12"]

{Ouverture du pion dame} 1. d4 e6 2. g3 c5 3. c4 cxd4 4. Qxd4 Nc6 5. Qd3 Nf6 6.
Nf3 d5 7. cxd5 Nb4 8. Qb3 Qxd5 9. Qxd5 Nfxd5 10. Na3 Be7 11. Bg2 b6 12. O-O Ba6
13. Re1 Rc8 14. Bf1 Nf6 15. Bd2 1/2-1/2

[Event "11e tournoi d'automne - tournoi A"]
[Site "Montigny le Bretonneux"]
[Date "2012.10.31"]
[Round "5.3"]
[White "Ben Khelifa, Noomene"]
[Black "Fruchard, Cyrille"]
[Result "0-1"]
[WhiteElo "2093"]
[BlackElo "1902"]
[PlyCount "96"]
[EventDate "2012.10.??"]
[EventType "tourn"]
[EventRounds "9"]
[EventCountry "FRA"]
[SourceDate "2005.09.12"]

{Défense Grünfeld, variante Alekhine} 1. d4 Nf6 2. c4 g6 3. Nc3 d5 4. cxd5 Nxd5
5. e4 Nxc3 6. bxc3 Bg7 7. Bc4 c5 8. Ne2 Nc6 9. Be3 O-O 10. O-O Qc7 11. Rc1 Rd8
12. Bf4 e5 13. Bg5 Re8 14. d5 Na5 15. Bb5 Bd7 16. d6 Qc8 17. Qa4 Nc6 18. Qc2 a6
19. Bc4 Be6 20. Rcd1 Qd7 21. Qd3 Bxc4 22. Qxc4 b6 23. Rd5 Re6 24. Rfd1 Na5 25.
Qd3 Nb7 26. Be7 Bf8 27. f4 c4 28. Qf3 Bxe7 29. dxe7 Qxe7 30. Rd7 Qc5+ 31. Kh1
Rd6 32. Rd5 Rxd7 33. Rxc5 Nxc5 34. fxe5 Re8 35. Nd4 Rxe5 36. h3 Rxe4 37. Qf6
Ne6 38. Nf3 Rc7 39. Kh2 b5 40. a3 a5 41. Nd4 Rxd4 42. cxd4 c3 43. d5 c2 44.
dxe6 c1=Q 45. e7 Rc8 46. Qd6 Re8 47. Qd7 Qc8 48. Qxb5 Qb8+ 0-1

[Event "11e tournoi d'automne - tournoi A"]
[Site "Montigny le Bretonneux"]
[Date "2012.10.31"]
[Round "5.4"]
[White "Van Dongen, Patrick"]
[Black "Veron, Cyprien"]
[Result "1/2-1/2"]
[WhiteElo "2320"]
[BlackElo "2052"]
[PlyCount "130"]
[EventDate "2012.10.??"]
[EventType "tourn"]
[EventRounds "9"]
[EventCountry "FRA"]
[SourceDate "2005.09.12"]

{Partie espagnole, défense Breyer} 1. e4 e5 2. Nf3 Nc6 3. Bb5 a6 4. Ba4 Nf6 5.
O-O Be7 6. Re1 b5 7. Bb3 d6 8. c3 O-O 9. h3 Nb8 10. d4 Nbd7 11. Nbd2 Bb7 12.
Bc2 Re8 13. Nf1 Bf8 14. Ng3 g6 15. Bd2 Bg7 16. Qc1 Ra7 17. a4 Qa8 18. dxe5 Nxe5
19. Nxe5 Rxe5 20. f3 c5 21. Be3 Bc6 22. Qd2 Bf8 23. Bg5 Ne8 24. Nf1 Qb7 25. Bf4
Re6 26. Ne3 Nf6 27. Kh1 d5 28. axb5 axb5 29. Rxa7 Qxa7 30. exd5 Nxd5 31. Nxd5
Rxe1+ 32. Qxe1 Bxd5 33. Qe8 Qa8 34. Qxa8 Bxa8 35. Kg1 Bd5 36. Kf2 f5 37. g4
fxg4 38. fxg4 Kf7 39. g5 b4 40. cxb4 cxb4 41. Be5 h6 42. h4 hxg5 43. hxg5 Be7
44. Bf4 Bc5+ 45. Be3 Bd6 46. Bd4 Be6 47. Bf6 Bf5 48. Bb3+ Be6 49. Ba4 Be7 50.
Bxe7 Kxe7 51. Ke3 Kd6 52. Bc2 Bf7 53. Kd4 Be8 54. Bd3 Bf7 55. Be4 Be8 56. Bd5
Bd7 57. Bf7 Bf5 58. Kc4 Ke5 59. Kxb4 Kf4 60. Kc5 Kxg5 61. b4 Kf6 62. Bc4 Ke7
63. b5 Kd8 64. Kb6 Bd7 65. Kc5 Bxb5 1/2-1/2

[Event "11e tournoi d'automne - tournoi A"]
[Site "Montigny le Bretonneux"]
[Date "2012.10.31"]
[Round "5.5"]
[White "Smati, Reda"]
[Black "Forissier, Nicolas"]
[Result "0-1"]
[WhiteElo "2011"]
[BlackElo "1938"]
[PlyCount "72"]
[EventDate "2012.10.??"]
[EventType "tourn"]
[EventRounds "9"]
[EventCountry "FRA"]
[SourceDate "2005.09.12"]

{Défense des deux cavaliers} 1. e4 e5 2. Nf3 Nc6 3. d4 exd4 4. Bc4 Nf6 5. O-O
d6 6. Nxd4 Bd7 7. Nc3 Be7 8. Bb5 Nxd4 9. Qxd4 Bxb5 10. Nxb5 O-O 11. c4 Ng4 12.
f4 c6 13. h3 Bf6 14. Qd2 Qb6+ 15. Kh1 cxb5 16. hxg4 bxc4 17. g5 Bd4 18. Rd1 Bc5
19. Qd5 Qb4 20. Rf1 Rae8 21. a3 Qb3 22. Rf3 Qc2 23. e5 b6 24. Bd2 dxe5 25. Bc3
e4 26. Qf5 Rd8 27. Rh3 Rd1+ 28. Kh2 Bg1+ 29. Kh1 g6 30. Qg4 Rxa1 31. Bf6 Bd4+
32. Kh2 Bg1+ 33. Kh1 Bd4+ 34. Kh2 Qf2 35. Bxd4 Qxd4 36. f5 Qe5+ 0-1

[Event "11e tournoi d'automne - tournoi B"]
[Site "Montigny le Bretonneux"]
[Date "2012.10.31"]
[Round "5.1"]
[White "Jean, Robert"]
[Black "Conq, Alain"]
[Result "0-1"]
[WhiteElo "1725"]
[BlackElo "1853"]
[PlyCount "106"]
[EventDate "2012.10.??"]
[EventType "tourn"]
[EventRounds "9"]
[EventCountry "FRA"]
[SourceDate "2005.09.12"]

{Ouverture anglaise, défense Caro-Kann} 1. c4 c6 2. g3 d5 3. Nf3 Nf6 4. Bg2
dxc4 5. Na3 b5 6. Qc2 e6 7. b3 cxb3 8. axb3 Qb6 9. Bb2 Bc5 10. O-O Nbd7 11.
Rac1 Bxa3 12. Bxa3 b4 13. Bb2 Bb7 14. d3 O-O 15. Nd2 Rac8 16. Nc4 Qc7 17. Ra1
Ra8 18. Na5 Nd5 19. Nxb7 Qxb7 20. Rfc1 Rfc8 21. Qc4 N7b6 22. Qg4 f5 23. Qd4 Qe7
24. e4 c5 25. Qe5 Nd7 26. Qxg7+ Qxg7 27. Bxg7 fxe4 28. dxe4 N5b6 29. Bb2 a5 30.
Bh3 Kf7 31. Bf1 a4 32. bxa4 Nxa4 33. Rab1 Nxb2 34. Rxb2 Ne5 35. Be2 Rab8 36. f4
Nd7 37. Bc4 Kf6 38. Kf2 Nb6 39. Ba6 Na4 40. Bxc8 Nxb2 41. Ba6 c4 42. e5+ Ke7
43. Ke2 c3 44. Bd3 Rd8 45. Bxh7 Rd2+ 46. Kf3 Rxh2 47. Bc2 Rd2 48. g4 Nd3 49.
Bxd3 Rxd3+ 50. Ke2 Rg3 51. g5 b3 52. g6 b2 53. Rh1 c2 0-1

[Event "11e tournoi d'automne - tournoi B"]
[Site "Montigny le Bretonneux"]
[Date "2012.10.31"]
[Round "5.2"]
[White "Bouvier, Clement"]
[Black "Branson, James"]
[Result "1-0"]
[WhiteElo "1905"]
[BlackElo "1705"]
[PlyCount "91"]
[EventDate "2012.10.??"]
[EventType "tourn"]
[EventRounds "9"]
[EventCountry "FRA"]
[SourceDate "2005.09.12"]

{Gambit du roi} 1. e4 e5 2. Nc3 Be7 3. Bc4 Nf6 4. f4 d6 5. Nf3 Nbd7 6. Bxf7+
Kxf7 7. Ng5+ Kg8 8. Ne6 Qe8 9. Nxc7 Qd8 10. Nxa8 Nc5 11. O-O Bg4 12. Qe1 Qxa8
13. fxe5 dxe5 14. Nd5 Qd8 15. Nxe7+ Qxe7 16. d3 Ncd7 17. Qc3 Qc5+ 18. Qxc5 Nxc5
19. Be3 b6 20. Bxc5 bxc5 21. h3 Be6 22. b4 c4 23. b5 Kf7 24. Kf2 Ke7 25. Ke3
Rd8 26. a4 Rd6 27. Rab1 cxd3 28. cxd3 Nd7 29. Rfc1 Kd8 30. a5 g6 31. Rc3 h5 32.
Rbc1 Nb8 33. Rc5 a6 34. b6 Bd7 35. Rxe5 Bb5 36. Rd5 Rxd5 37. exd5 Kd7 38. b7
Kd6 39. Rc8 Nd7 40. Kd4 g5 41. b8=Q+ Nxb8 42. Rxb8 g4 43. Rb6+ Kd7 44. Rxb5
gxh3 45. gxh3 axb5 46. Kc5 1-0

[Event "11e tournoi d'automne - tournoi B"]
[Site "Montigny le Bretonneux"]
[Date "2012.10.31"]
[Round "5.3"]
[White "Fayolle, Guy"]
[Black "Couradin, Bruno"]
[Result "1-0"]
[WhiteElo "1801"]
[BlackElo "1752"]
[PlyCount "77"]
[EventDate "2012.10.??"]
[EventType "tourn"]
[EventRounds "9"]
[EventCountry "FRA"]
[SourceDate "2005.09.12"]

{Défense française, variante Rubinstein} 1. e4 e6 2. d4 c5 3. Nf3 d5 4. Nc3 Nc6
5. exd5 exd5 6. dxc5 d4 7. Ne4 Bf5 8. Bd3 Bxe4 9. Bxe4 Bxc5 10. O-O Nge7 11.
Ng5 h6 12. Qh5 g6 13. Qh3 Qc8 14. Qh4 Nf5 15. Qh3 Be7 16. Re1 Kf8 17. Bxf5 Qxf5
18. Qxf5 gxf5 19. Nf3 Bf6 20. Bf4 Kg7 21. Re2 Rad8 22. Ne1 Rd5 23. Nd3 a5 24.
a4 Rhd8 25. Ra3 R8d7 26. Rb3 Bg5 27. Bxg5 hxg5 28. f4 f6 29. Kf2 Nd8 30. Rb6
R5d6 31. Rb5 Kg6 32. Rxa5 Re6 33. fxg5 Rxe2+ 34. Kxe2 Re7+ 35. Kf2 fxg5 36. Rd5
Nc6 37. b4 Re4 38. b5 Ne7 39. Rd7 1-0

[Event "11e tournoi d'automne - tournoi B"]
[Site "Montigny le Bretonneux"]
[Date "2012.10.31"]
[Round "5.4"]
[White "Gazay, Didier"]
[Black "Duval, Dominique"]
[Result "0-1"]
[WhiteElo "1837"]
[BlackElo "1770"]
[PlyCount "64"]
[EventDate "2012.10.??"]
[EventType "tourn"]
[EventRounds "9"]
[EventCountry "FRA"]
[SourceDate "2005.09.12"]

{Ouverture anglaise, variante Botvinnik inversée} 1. c4 g6 2. g3 Bg7 3. Bg2 c5
4. Nc3 Nc6 5. Nf3 b6 6. O-O Bb7 7. a3 Nf6 8. e3 O-O 9. d4 Na5 10. b3 cxd4 11.
exd4 d5 12. Ne5 dxc4 13. Bxb7 Nxb7 14. Nxc4 Rc8 15. Be3 a6 16. Ne2 Nd5 17. Qd2
b5 18. Nb2 Nd6 19. Rac1 Nxe3 20. fxe3 Qd7 21. Nd3 Ne4 22. Qb4 Bh6 23. Nef4 g5
24. Ne5 Qb7 25. Ng4 Bg7 26. Nd3 Qd7 27. Nge5 Qh3 28. Qe1 Rxc1 29. Qxc1 Nxg3 30.
Rf2 Ne4 31. Rg2 Rc8 32. Nc6 Rxc6 0-1

[Event "11e tournoi d'automne - tournoi B"]
[Site "Montigny le Bretonneux"]
[Date "2012.10.31"]
[Round "5.5"]
[White "Rousseau, Philippe"]
[Black "Mabelly, Rudy"]
[Result "1-0"]
[WhiteElo "1843"]
[BlackElo "1789"]
[PlyCount "82"]
[EventDate "2012.10.??"]
[EventType "tourn"]
[EventRounds "9"]
[EventCountry "FRA"]
[SourceDate "2005.09.12"]

{Ouverture anglaise, variante symétrique, système Rubinstein} 1. e4 c5 2. c4
Nc6 3. Nc3 e6 4. d3 Nf6 5. f4 d6 6. Nf3 Be7 7. Be2 h6 8. O-O O-O 9. a3 Rb8 10.
Be3 Ng4 11. Bd2 Nf6 12. Rb1 b5 13. b3 b4 14. axb4 Nxb4 15. Na4 Bd7 16. Bxb4
Rxb4 17. Nc3 Bc6 18. Qc2 d5 19. Ne5 Bb7 20. Na2 Rb6 21. Bf3 dxe4 22. dxe4 Qd4+
23. Kh1 Bxe4 24. Bxe4 Qxe4 25. Qxe4 Nxe4 26. Nd7 Rd6 27. Nxf8 Nd2 28. Nxe6 fxe6
29. g3 Nxf1 30. Rxf1 Rd2 31. Nc3 Rd3 32. Rc1 Kf7 33. Rc2 a5 34. Kg2 Bf6 35. Ne4
Rxb3 36. Nxc5 Rb2 37. Rxb2 Bxb2 38. Kf3 Ba3 39. Na4 Bb4 40. Ke4 g5 41. fxg5
hxg5 {suite illisible} 1-0

[Event "11e tournoi d'automne - tournoi C"]
[Site "Montigny le Bretonneux"]
[Date "2012.10.31"]
[Round "5.1"]
[White "Franiatte, Sylvain"]
[Black "Urtado, Olivier"]
[Result "0-1"]
[WhiteElo "1447"]
[BlackElo "1626"]
[PlyCount "130"]
[EventDate "2012.10.??"]
[EventType "tourn"]
[EventRounds "9"]
[EventCountry "FRA"]
[SourceDate "2005.09.12"]

{Défense sicilienne} 1. e4 c5 2. Nf3 d6 3. Bc4 e6 4. Nc3 Be7 5. O-O Nf6 6. d4
cxd4 7. Qxd4 Nc6 8. Qe3 O-O 9. Rd1 Na5 10. Qe2 Qc7 11. b3 b5 12. Nxb5 Qc6 13.
Ba3 Nxc4 14. Qxc4 Qxc4 15. bxc4 Nxe4 16. Bxd6 Nxd6 17. Nxd6 Ba6 18. Rd4 Bf6 19.
c3 Bxd4 20. cxd4 Rab8 21. Ne5 Rb2 22. c5 Rfb8 23. h3 Rb1+ 24. Rxb1 Rxb1+ 25.
Kh2 Rd1 26. Nc6 Rd2 27. Kg3 Bf1 28. a4 Rd3+ 29. Kh2 a5 30. h4 Ra3 31. Nxa5 Rxa4
32. Nc6 Ra2 33. Kg1 Ra1 34. Kh2 Rd1 35. Kg3 Bd3 36. Kh2 Bb1 37. Kg3 Ba2 38. f3
Bd5 39. Na7 Rxd4 40. Nab5 Rd2 41. Nc3 Rc2 42. Nce4 Bxe4 43. Nxe4 f5 44. Ng5 e5
45. Ne6 f4+ 46. Kh3 h6 47. g4 Kf7 48. Nd8+ Ke7 49. Nc6+ Ke6 50. Nb4 Rxc5 51.
Nd3 Rc3 52. Ne1 e4 53. Kg2 e3 54. h5 Ra3 55. Kf1 Ra2 56. Kg1 Kf6 57. Kf1 Kg5
58. Nd3 Ra1+ 59. Ke2 Ra2+ 60. Kf1 Rd2 61. Ne1 Kh4 62. Ng2+ Kg3 63. Ne1 Rf2+ 64.
Kg1 e2 65. Kh1 Rf1# 0-1

[Event "11e tournoi d'automne - tournoi C"]
[Site "Montigny le Bretonneux"]
[Date "2012.10.31"]
[Round "5.2"]
[White "Mongey, Alain"]
[Black "Engel, Gerard"]
[Result "1-0"]
[WhiteElo "1652"]
[BlackElo "1684"]
[PlyCount "89"]
[EventDate "2012.10.??"]
[EventType "tourn"]
[EventRounds "9"]
[EventCountry "FRA"]
[SourceDate "2005.09.12"]

{Gambit dame} 1. d4 Nf6 2. Bg5 e6 3. Nf3 Be7 4. e3 a6 5. c4 d5 6. Nc3 dxc4 7.
Bxc4 b5 8. Bd3 Bb7 9. Rc1 Nbd7 10. O-O Rc8 11. a3 O-O 12. b4 h6 13. Bh4 Nd5 14.
Bxe7 Qxe7 15. Ne4 N5f6 16. Nc5 Nxc5 17. Rxc5 Bd5 18. Ne5 Ba8 19. Qc2 Nd5 20.
Be2 Nf6 21. Rc1 Nd5 22. Bf3 Nxe3 23. fxe3 Bxf3 24. Nxf3 h5 25. Rxh5 g6 26. Rc5
Qd6 27. Qe4 Qb6 28. Ne5 Qd6 29. Qg4 Qe7 30. Rc6 Kg7 31. Rf1 Rh8 32. Rxa6 Qe8
33. Qf3 f5 34. Qc6 Qxc6 35. Rxc6 Rhe8 36. Rc5 Red8 37. Rxb5 c6 38. Rc5 Rd6 39.
Rfc1 Ra8 40. R1c3 f4 41. Rxc6 Rxc6 42. Nxc6 fxe3 43. Rxe3 Kf6 44. Rf3+ Kg7 45.
b5 1-0

[Event "11e tournoi d'automne - tournoi C"]
[Site "Montigny le Bretonneux"]
[Date "2012.10.31"]
[Round "5.3"]
[White "Krestinine, Nikita"]
[Black "Krestinine, Michka"]
[Result "0-1"]
[WhiteElo "1403"]
[BlackElo "1505"]
[PlyCount "107"]
[EventDate "2012.10.??"]
[EventType "tourn"]
[EventRounds "9"]
[EventCountry "FRA"]
[SourceDate "2005.09.12"]

{Défense Grünfeld} 1. d4 Nf6 2. c4 g6 3. Nc3 d5 4. Bg5 Bg7 5. e3 O-O 6. Bd3 Nc6
7. cxd5 Nxd5 8. Nge2 f6 9. Nxd5 Qxd5 10. Bf4 Qxg2 11. Rg1 Qd5 12. Bxc7 e5 13.
dxe5 Nxe5 14. Bxe5 Qxe5 15. Ng3 Qxb2 16. Qb3+ Qxb3 17. axb3 Rd8 18. Ke2 f5 19.
Rgd1 Be6 20. Rab1 a6 21. Bc4 Bxc4+ 22. bxc4 Rxd1 23. Kxd1 Rb8 24. c5 Rd8+ 25.
Kc2 Rc8 26. Rxb7 Rxc5+ 27. Kd1 a5 28. Ra7 Bc3 29. Ne2 Bb4 30. Nc1 Rd5+ 31. Ke2
g5 32. Nd3 Rb5 33. Nxb4 axb4 34. Ra2 Kf7 35. Kd3 Ke6 36. Kc4 Rb6 37. Rb2 Ke5
38. f3 g4 39. fxg4 fxg4 40. Kd3 h5 41. Ke2 Ke4 42. Rb3 h4 43. Kf2 Kd5 44. Ke2
Kc4 45. Rb1 b3 46. Rc1+ Kd5 47. Rd1+ Ke5 48. Rb1 b2 49. Kf2 Ke4 50. Ke2 g3 51.
Kd2 gxh2 52. Kc2 Kxe3 53. Rxb2 Rxb2+ 54. Kxb2 0-1

[Event "11e tournoi d'automne - tournoi C"]
[Site "Montigny le Bretonneux"]
[Date "2012.10.31"]
[Round "5.4"]
[White "Bouloc, Roger"]
[Black "Rousseau, Matthieu"]
[Result "1/2-1/2"]
[WhiteElo "1450"]
[BlackElo "1620"]
[PlyCount "76"]
[EventDate "2012.10.??"]
[EventType "tourn"]
[EventRounds "9"]
[EventCountry "FRA"]
[SourceDate "2005.09.12"]

{Défense française, variante Tarrasch ouverte} 1. e4 e6 2. d4 d5 3. Nd2 c5 4.
exd5 exd5 5. dxc5 Bxc5 6. Nb3 Bd6 7. Bb5+ Nc6 8. Nf3 Qb6 9. Bxc6+ bxc6 10. O-O
Ne7 11. Be3 Qc7 12. Re1 O-O 13. Qd3 Bf5 14. Qd1 Bg4 15. h3 Bd7 16. Bc5 Ng6 17.
Bxd6 Qxd6 18. Qd4 Rfc8 19. Rad1 Nf4 20. Ne5 Ne6 21. Qd2 Rc7 22. c4 f6 23. Nxd7
Rxd7 24. cxd5 cxd5 25. Nd4 Nxd4 26. Qxd4 Rc8 27. Rc1 Rcd8 28. Re3 Re7 29. Rce1
Rxe3 30. Rxe3 Kf7 31. Qxa7+ Rd7 32. Qd4 Rc7 33. Rc3 Re7 34. Re3 Rc7 35. Rc3
Rxc3 36. Qxc3 d4 37. Qc4+ Ke7 38. Qd3 h6 1/2-1/2

[Event "11e tournoi d'automne - tournoi B"]
[Site "Montigny le Bretonneux"]
[Date "2012.11.01"]
[Round "3.3"]
[White "Bouvier, Clement"]
[Black "Duval, Dominique"]
[Result "1/2-1/2"]
[WhiteElo "1905"]
[BlackElo "1770"]
[PlyCount "67"]
[EventDate "2012.10.??"]
[EventType "tourn"]
[EventRounds "9"]
[EventCountry "FRA"]
[SourceDate "2005.09.12"]

{Défense vieille Benoni} 1. e4 g6 2. d4 Bg7 3. c4 c5 4. d5 e5 5. Nc3 d6 6. f4
Nd7 7. Nf3 a6 8. Qa4 exf4 9. Bxf4 Bxc3+ 10. bxc3 Qf6 11. Bd2 Kf8 12. Be2 Qe7
13. O-O Kg7 14. Rae1 f6 15. Bf4 Nh6 16. h3 Nf7 17. Rf2 Qxe4 18. Bg3 Qe7 19.
Ref1 Rf8 20. Bh4 Nfe5 21. Nxe5 Qxe5 22. Bg4 f5 23. Re2 Qxc3 24. Be7 Qd4+ 25.
Kh1 Rf7 26. Bf3 Nb6 27. Qa5 Nxc4 28. Qd8 Be6 29. Qxa8 Bxd5 30. Bxd5 Qxd5 31.
Qd8 b5 32. Rfe1 f4 33. Bg5 f3 34. Re7 1/2-1/2

[Event "11e tournoi d'automne - tournoi C"]
[Site "Montigny le Bretonneux"]
[Date "2012.11.01"]
[Round "1.4"]
[White "Mongey, Alain"]
[Black "Krestinine, Nikita"]
[Result "1-0"]
[WhiteElo "1652"]
[BlackElo "1403"]
[PlyCount "160"]
[EventDate "2012.10.??"]
[EventType "tourn"]
[EventRounds "9"]
[EventCountry "FRA"]
[SourceDate "2005.09.12"]

{Gambit dame} 1. d4 Nf6 2. Bg5 e6 3. Nf3 Be7 4. e3 d5 5. c4 a6 6. Nc3 dxc4 7.
Bxc4 b5 8. Bd3 Bb7 9. a3 Nbd7 10. b4 O-O 11. Rc1 Rc8 12. h3 Nd5 13. Bxe7 Qxe7
14. Ne4 N7f6 15. Nc5 c6 16. Ne5 Qc7 17. Qc2 Ne7 18. Nb3 h6 19. Qe2 Qd6 20. O-O
Nd7 21. Nxd7 Qxd7 22. Nc5 Qc7 23. Qf3 Nd5 24. Rc2 Rb8 25. Rfc1 Rfc8 26. Qd1 Qd6
27. Be2 Qc7 28. Nb3 Qd7 29. Na5 Rc7 30. Bf3 Rbc8 31. Rc5 Ba8 32. Qd3 Ne7 33.
Qe4 Nd5 34. Qg4 Nf6 35. Qg3 Nd5 36. Nb3 Rd8 37. Nd2 Qd6 38. Qh4 Qe7 39. Qxe7
Nxe7 40. Be4 Rdc8 41. Nf3 Nd5 42. Bxd5 exd5 43. Ne5 f6 44. Nd3 Kf7 45. Nf4 Bb7
46. Nxd5 Rd7 47. Nb6 Rdc7 48. Nxc8 Rxc8 49. d5 Ke7 50. dxc6 Ba8 51. Kf1 Ke6 52.
Ke2 Kd6 53. f3 Bxc6 54. e4 Kd7 55. Ke3 Kd6 56. g4 g5 57. h4 Kd7 58. hxg5 hxg5
59. Rh1 Re8 60. Rh7+ Kd6 61. Ra7 Bd7 62. Rxa6+ Ke7 63. Ra7 Ke6 64. Rcc7 Rd8 65.
f4 Kd6 66. Rxd7+ Rxd7 67. Rxd7+ Kxd7 68. f5 Kc6 69. Kd4 Kd6 70. e5+ fxe5+ 71.
Ke4 Ke7 72. Kxe5 Kf7 73. Kd5 Kf6 74. Kc5 Ke5 75. Kxb5 Kf4 76. f6 Kxg4 77. f7
Kg3 78. f8=Q g4 79. Qg8 Kf3 80. Qxg4+ Kxg4 1-0

[Event "11e tournoi d'automne - tournoi A"]
[Site "Montigny le Bretonneux"]
[Date "2012.11.01"]
[Round "6.1"]
[White "Trommsdorf, Fro"]
[Black "Forissier, Nicolas"]
[Result "1-0"]
[WhiteElo "2040"]
[BlackElo "1938"]
[PlyCount "41"]
[EventDate "2012.10.??"]
[EventType "tourn"]
[EventRounds "9"]
[EventCountry "FRA"]
[SourceDate "2005.09.12"]

{Gambit dame, variante d'échange} 1. Nf3 d5 2. d4 Nf6 3. c4 c6 4. Nc3 e6 5. Bg5
Nbd7 6. cxd5 exd5 7. e3 Bd6 8. Bd3 O-O 9. Qc2 Re8 10. Bxh7+ Kh8 11. Bd3 Qa5 12.
O-O Nf8 13. Bxf6 gxf6 14. Rfe1 Kg7 15. Nh4 Ng6 16. Bxg6 Rh8 17. Nf5+ Bxf5 18.
Bxf5 Rxh2 19. Bh3 Rh8 20. Qf5 Qd8 21. f4 1-0

[Event "11e tournoi d'automne - tournoi A"]
[Site "Montigny le Bretonneux"]
[Date "2012.11.01"]
[Round "6.2"]
[White "Veron, Cyprien"]
[Black "Smati, Reda"]
[Result "1-0"]
[WhiteElo "2052"]
[BlackElo "2011"]
[PlyCount "41"]
[EventDate "2012.10.??"]
[EventType "tourn"]
[EventRounds "9"]
[EventCountry "FRA"]
[SourceDate "2005.09.12"]

{Ouverture anglaise, variante symétrique} 1. Nf3 c5 2. c4 Nc6 3. d4 cxd4 4.
Nxd4 g6 5. g3 Bg7 6. Nc2 d6 7. Bg2 h5 8. Nc3 h4 9. e4 Ne5 10. Ne3 Nf6 11. f4 h3
12. Bf1 Ned7 13. Be2 b6 14. O-O Bb7 15. Bf3 Qc8 16. Qc2 a5 17. b3 Nh5 18. Bb2
Qc5 19. Kf2 Ndf6 20. e5 dxe5 21. Na4 1-0

[Event "11e tournoi d'automne - tournoi A"]
[Site "Montigny le Bretonneux"]
[Date "2012.11.01"]
[Round "6.3"]
[White "Fruchard, Cyrille"]
[Black "Van Dongen, Patrick"]
[Result "1/2-1/2"]
[WhiteElo "1902"]
[BlackElo "2320"]
[PlyCount "52"]
[EventDate "2012.10.??"]
[EventType "tourn"]
[EventRounds "9"]
[EventCountry "FRA"]
[SourceDate "2005.09.12"]

{Gambit Benko} 1. d4 Nf6 2. c4 c5 3. d5 b5 4. Qc2 Na6 5. a3 bxc4 6. e4 e6 7.
Bxc4 exd5 8. exd5 Nc7 9. Nc3 Bb7 10. Qd3 d6 11. Nf3 Be7 12. O-O O-O 13. Bf4 Nd7
14. Rfe1 Nb6 15. Bb3 Re8 16. Rad1 Bf6 17. Rxe8+ Nxe8 18. a4 Rb8 19. Rd2 Bxc3
20. bxc3 h6 21. Bg3 Nf6 22. Bh4 g5 23. Bg3 c4 24. Bxc4 Nxc4 25. Qxc4 Ba6 26.
Qd4 Bc4 1/2-1/2

[Event "11e tournoi d'automne - tournoi A"]
[Site "Montigny le Bretonneux"]
[Date "2012.11.01"]
[Round "6.4"]
[White "Girard, Eric"]
[Black "Ben Khelifa, Noomene"]
[Result "1/2-1/2"]
[WhiteElo "2122"]
[BlackElo "2093"]
[PlyCount "58"]
[EventDate "2012.10.??"]
[EventType "tourn"]
[EventRounds "9"]
[EventCountry "FRA"]
[SourceDate "2005.09.12"]

{Ouverture anglaise, variante symétrique} 1. c4 c5 2. Nf3 Nf6 3. Nc3 Nc6 4. d4
cxd4 5. Nxd4 e5 6. Ndb5 d6 7. g3 a6 8. Na3 Be6 9. Bg2 Be7 10. O-O O-O 11. b3
Qa5 12. Nd5 Bxd5 13. cxd5 Nb8 14. Nc4 Qd8 15. Ba3 Re8 16. Qd2 a5 17. b4 b6 18.
bxa5 bxa5 19. Rab1 Ra6 20. Rb5 a4 21. Rfb1 Nbd7 22. Na5 Qa8 23. Nc6 Bf8 24. Rb7
Qc8 25. Qd3 Ra8 26. Qb5 g5 27. Qd3 e4 28. Qd2 h6 29. Na7 Qc4 1/2-1/2

[Event "11e tournoi d'automne - tournoi A"]
[Site "Montigny le Bretonneux"]
[Date "2012.11.01"]
[Round "6.5"]
[White "Plantet, Marc"]
[Black "Gouanelle, Franck"]
[Result "0-1"]
[WhiteElo "1869"]
[BlackElo "2100"]
[PlyCount "28"]
[EventDate "2012.10.??"]
[EventType "tourn"]
[EventRounds "9"]
[EventCountry "FRA"]
[SourceDate "2005.09.12"]

{Ouverture irrégulière} 1. b4 e5 2. Bb2 Bxb4 3. f4 d6 4. Nf3 Nf6 5. fxe5 dxe5
6. e3 e4 7. Ne5 Be6 8. Be2 O-O 9. O-O Nbd7 10. Ng4 Nxg4 11. Bxg4 f5 12. Rf4
fxg4 13. Rxe4 Bd6 14. Rxe6 Qh4 0-1